Les pilotes F1 vainqueurs une seule fois - Statistiques

Statistiques générales
  • Ce quiz a été pris 304 fois
    80 depuis la dernière actualisation
  • Le résultat moyen est 10 sur 34
Statistiques - réponses
Date de la victoire Nationalité Pilote % Correct
2021 France Esteban Ocon
97%
2020 France Pierre Gasly
97%
2012 Venezuela Pastor Maldonado
77%
2008 Pologne Robert Kubica
74%
1995 France Jean Alesi
67%
1996 France Olivier Panis
63%
2008 Finlande Heikki Kovalainen
59%
2004 Italie Jarno Trulli
53%
1971 France François Cevert
40%
1972 France Jean-Pierre Beltoise
34%
1975 Allemagne Jochen Mass
29%
1989 Italie Alessandro Nannini
26%
1975 Brésil Carlos Pace
23%
1964 Italie Lorenzo Bandini
22%
1977 Suède Gunnar Nilsson
21%
1966 Italie Ludovico Scarfiotti
21%
1956 Italie Luigi Musso
21%
1959 Suède Joakim Bonnier
19%
1975 Italie Vittorio Brambilla
19%
1961 Italie Giancarlo Baghetti
18%
1951 Italie Luigi Fagioli
18%
1952 Italie Piero Taruffi
16%
1965 USA Richie Ginther
16%
1971 Royaume-Uni Peter Gethin
14%
1961 Royaume-Uni Innes Ireland
12%
1952 USA Troy Ruttman
12%
1955 USA Bob Sweikert
11%
1960 USA Jim Rathmann
11%
1957 USA Sam Hanks
11%
1950 USA Johnnie Parsons
10%
1951 USA Lee Wallard
10%
1956 USA Pat Flaherty
10%
1959 USA Rodger Ward
10%
1958 USA Jimmy Bryan
5%
Aucun quiz correspondant
Distribution des résultats
% des personnes avec chaque résultat
Percentile par nombre de réponses
Votre historique - résultats
Vous n’avez pas pris ce quiz depuis la dernière actualisation